000 00260nam a22001217a 4500
008 170527b xxu||||| |||| 00| 0 eng d
041 _aeng
080 _22ND
_a62
100 _a25
101 _aIM
245 _aTHE ENGINEERS' MANUAL
_cHUDSON
942 _2udc
_cBK
999 _c14655
_d14655